000 01626nam a22004457a 4500
001 16101246
003 OSt
005 20210426080233.0
008 100223s2010 oru 000 0aeng
010 _a 2010007124
020 _a9780982504888 (alk. paper)
020 _a0982504888 (alk. paper)
020 _a9780982504895 (pbk. : alk. paper)
020 _a0982504896 (pbk. : alk. paper)
035 _a(OCoLC)ocn500801395
040 _aDLC
_cDLC
_dYDX
_dBTCTA
_dYDXCP
_dIK2
_dJAO
_dTXI
_dCDX
_dVP@
_dDLC
_beng
041 _aeng
043 _an-us---
050 0 0 _aPS3557.R489985
_bZ46 2010
080 _a92
_bG-84
082 0 0 _a813/.54
_aB
_222
100 1 _aGrimes, Tom,
_d1954-
245 1 0 _aMentor :
_ba memoir /
_c/ by: Tin House Books
250 _a1st U.S. edition
260 _aPortland, Ore.
_bTin House Books
_c2010.
300 _a242 p.
_c22 cm.
365 _b24.95 usd
520 _aA chance encounter between two writers, one young, one older, develops into a wonderful friendship neither expected.
600 1 0 _aGrimes, Tom,
_d1954-
600 1 0 _aConroy, Frank,
_d1936-2005.
650 0 _aAuthors, American
_y20th century
_vBiography.
650 0 _aBiography
_9237
650 0 _aAuthorship.
650 0 _aMentoring of authors
_zUnited States.
650 0 _aCreative writing (Higher education)
_zUnited States.
653 _aბიოგრაფია
906 _a7
_bcbc
_corignew
_d1
_eecip
_f20
_gy-gencatlg
942 _2udc
_cBK
_e1
999 _c1405
_d1405